|
|
|
|
| LEADER |
03994nam a22005175i 4500 |
| 001 |
978-3-642-03694-1 |
| 003 |
DE-He213 |
| 005 |
20151204141435.0 |
| 007 |
cr nn 008mamaa |
| 008 |
100825s2010 gw | s |||| 0|eng d |
| 020 |
|
|
|a 9783642036941
|9 978-3-642-03694-1
|
| 024 |
7 |
|
|a 10.1007/978-3-642-03694-1
|2 doi
|
| 040 |
|
|
|d GrThAP
|
| 050 |
|
4 |
|a RD701-811
|
| 072 |
|
7 |
|a MNS
|2 bicssc
|
| 072 |
|
7 |
|a MN
|2 bicssc
|
| 072 |
|
7 |
|a MED065000
|2 bisacsh
|
| 082 |
0 |
4 |
|a 617.47
|2 23
|
| 245 |
1 |
0 |
|a Spine Trauma
|h [electronic resource] :
|b Surgical Techniques /
|c edited by Vikas V. Patel, Evalina Burger, Courtney W. Brown.
|
| 264 |
|
1 |
|a Berlin, Heidelberg :
|b Springer Berlin Heidelberg :
|b Imprint: Springer,
|c 2010.
|
| 300 |
|
|
|a XIII, 413 p. 493 illus., 144 illus. in color.
|b online resource.
|
| 336 |
|
|
|a text
|b txt
|2 rdacontent
|
| 337 |
|
|
|a computer
|b c
|2 rdamedia
|
| 338 |
|
|
|a online resource
|b cr
|2 rdacarrier
|
| 347 |
|
|
|a text file
|b PDF
|2 rda
|
| 505 |
0 |
|
|a Cervical -- Cervical Spinal Stability and Decision Making -- Clearing the Cervical Spine -- Imaging of Spinal Trauma -- Immunological Response to Spinal Cord Injury: Impact on the Timing of Spine Fixation -- The Role of Orthosis in Spinal Injury -- The Halovest -- Direct Anterior Screw Fixation of Odontoid Fractures -- Occiput-Cervical Fixation -- C1-2 Fixation: Transarticular Screws -- C1–2 Fixation: Lateral Mass/Pars Screw-Rod Fixation -- Closed Reduction of Unilateral and Bilateral Facet Dislocations -- Cervical Open Posterior Reduction of Facet Dislocation -- Open Anterior Reduction of Cervical Facet Dislocation -- Anterior Cervical Discectomy and Fusion for Traumatic Disc Herniation -- Posterior Cervical Fusion for Trauma -- Corpectomy for Burst Fracture -- Posterior Pedicle Screw Fixation -- Thoracic -- Thoracic Spinal Stability: Decision Making -- Anterior Corpectomy with Fixation, Thoracic -- Kyphoplasty, Osteoporotic and Traumatic -- Costotransversectomy -- Thoracolumbar and Lumbar -- Lumbar Spinal Stability: Decision Making -- Posterior Instrumentation for Thoracolumbar and Lumbar Fracture Dislocation -- Posterior Decompression Technique for Thoracolumbar Burst Fracture -- Anterior Treatment of Thoracolumbar Burst Fractures -- Anterior and Posterior Surgery and Fixation for Burst Fractures -- Percutaneous/Minimally Invasive Treatment for Thoracolumbar Fractures -- Sacral -- Surgical Stabilization Options for Fractures and Fracture-Dislocations at the Lumbosacral Junction and for Posterior Pelvic Ring Reconstruction -- Sacral Screw Fixation -- Percutaneous Placement of Iliosacral Screws -- Iliac Fixation in Trauma -- Special Circumstances -- Minimally Invasive Treatment for Ankylosing Spondylitis and DISH Thoracolumbar Fractures -- Surgical Treatment of Thoracic or Thoracolumbar Fractures of Ankylosing Spondylitis or Diffuse Idiopathic Skeletal Hyperostosis (DISH) -- Traumatic Dural Tears -- Civilian Gunshot Injury to the Spine -- Complications in Spine Surgery -- Erratum to: Posterior Cervical Fusion for Trauma.
|
| 520 |
|
|
|a Spinal surgeons treat spinal trauma patients on a regular basis in their hospital emergency rooms. This well-illustrated, hands-on guide to the many surgical techniques required in these situations provides a solid basis for the management of spinal trauma.
|
| 650 |
|
0 |
|a Medicine.
|
| 650 |
|
0 |
|a Neurology.
|
| 650 |
|
0 |
|a Neurosurgery.
|
| 650 |
|
0 |
|a Orthopedics.
|
| 650 |
|
0 |
|a Traumatology.
|
| 650 |
1 |
4 |
|a Medicine & Public Health.
|
| 650 |
2 |
4 |
|a Surgical Orthopedics.
|
| 650 |
2 |
4 |
|a Neurosurgery.
|
| 650 |
2 |
4 |
|a Traumatic Surgery.
|
| 650 |
2 |
4 |
|a Neurology.
|
| 700 |
1 |
|
|a Patel, Vikas V.
|e editor.
|
| 700 |
1 |
|
|a Burger, Evalina.
|e editor.
|
| 700 |
1 |
|
|a Brown, Courtney W.
|e editor.
|
| 710 |
2 |
|
|a SpringerLink (Online service)
|
| 773 |
0 |
|
|t Springer eBooks
|
| 776 |
0 |
8 |
|i Printed edition:
|z 9783642036934
|
| 856 |
4 |
0 |
|u http://dx.doi.org/10.1007/978-3-642-03694-1
|z Full Text via HEAL-Link
|
| 912 |
|
|
|a ZDB-2-SME
|
| 950 |
|
|
|a Medicine (Springer-11650)
|